مكتبة جامعة عجلون الوطنية

فهرس بحث المكتبة

وقفات دستورية : محاولة لنشر الثقافة الدستورية في المجتمع القطري (Record no. 27088)

MARC details
000 -LEADER
fixed length control field 00992nam a2200217Ii 4500
003 - CONTROL NUMBER IDENTIFIER
control field JO-AjNU
008 - FIXED-LENGTH DATA ELEMENTS--GENERAL INFORMATION
fixed length control field 230605s9999||||xx |||||||||||||| ||und||
020 ## - INTERNATIONAL STANDARD BOOK NUMBER
International Standard Book Number 978-9953-36-205-X
040 ## - CATALOGING SOURCE
Original cataloging agency JO-AjNU
Language of cataloging ara
Description conventions rda
Transcribing agency JO-AjNU
041 ## - LANGUAGE CODE
Language code of text/sound track or separate title ara
050 14 - LIBRARY OF CONGRESS CALL NUMBER
Classification number KMS205.S2943.2008
100 3# - MAIN ENTRY--PERSONAL NAME
Personal name السيد، حسن بن عبدالرحيم,
Relator term author
9 (RLIN) 53018
245 00 - TITLE STATEMENT
Title وقفات دستورية : محاولة لنشر الثقافة الدستورية في المجتمع القطري
250 ## - EDITION STATEMENT
Edition statement ط1
264 31 - PRODUCTION, PUBLICATION, DISTRIBUTION, MANUFACTURE, AND COPYRIGHT NOTICE
Place of production, publication, distribution, manufacture بيروت : المؤسسة العربية للدراسات، 2008
300 ## - PHYSICAL DESCRIPTION
Extent 350ص
Other physical details يشتمل على مراجع ببلوغرافية ص (335-339)
336 ## - CONTENT TYPE
Content type term text
Content type code txt
Source rdacontent
337 ## - MEDIA TYPE
Media type term unmediated
Media type code n
Source rdamedia
338 ## - CARRIER TYPE
Carrier type term volume
Carrier type code nc
Source rdacarrier
650 #4 - SUBJECT ADDED ENTRY--TOPICAL TERM
Topical term or geographic name entry element القانون الدستوري -- قطر -- مقالات ومحاضرات -- القانون الدستوري -- مقالات ومحاضرات -- القانون الإداري -- قطر
9 (RLIN) 53019
Holdings
Withdrawn status Lost status Source of classification or shelving scheme Damaged status Not for loan Home library Current library Shelving location Date acquired Total Checkouts Full call number Barcode Date last seen Price effective from Koha item type
    Library of Congress Classification     مكتبة جامعة عجلون الوطنية مكتبة جامعة عجلون الوطنية المجموعات العامة 06/06/2023   KMS205.S2943.2008 A23520 06/06/2023 06/06/2023 Books